Título en la letra de Mägo de Oz - Estadísticas

Estadísticas generales
  • Esta prueba ha sido intentada 45 veces
  • La puntuación promedio es 3 de 8
Estadísticas de respuestas
Hint Respuesta % Correcto
...ponte en pie, alza el puño y ven, a la ___ _____ en la hoguera hay de beber Fiesta Pagana
100%
...En esta ____ _ ____, cuentan su vida y se ríen de quien,... La Posada de los Muertos
47%
...y algún día se cumplirán, todos tus sueños se harán realidad, y mañana amanecerá, _ ______ yo soy... El Atrapasueños
39%
... ___ _ _ ____ _____, estamos locos de atar, ___ _ _ ____ ______, somos trovadores en tu ciudad... Hasta que el cuerpo aguante
37%
...y en su jaula hecha de mar, llora prisionera, es la reina sin país, _ ___ _ __... La Dama del Mar
37%
...todo mal que me hagas, a ti te lo harás, pues la tierra es tu hogar, y al igual que amar, también sé castigar, _ ____ _ ___ tendrás... La Venganza de Gaia
34%
...oh ___, oh ___, oh ___, oh ___... Finisterra
24%
... ___ _ ___ os arroparé en la noche, y os acunaré en los sueños, y espantaré todos los miedos... Desde mi Cielo
18%
No se encontraron pruebas coincidentes
Distribución de puntuación
Porcentaje de gente con cada puntuación
Porcentaje por número respondido
Historial de tus puntuaciones
No has intentado esta prueba.